Compendio di storia della filosofía del diritto.
Saved in:
| Hovedforfatter: | |
|---|---|
| Format: | Bog |
| Udgivet: |
Padova, Italia:
Casa Editrice Dott. Antonio Milani,
2009.
|
| Serier: | Biblioteca di Lex Naturalis,
|
| Fag: | |
| Tags: |
Tilføj Tag
Ingen Tags, Vær først til at tagge denne postø!
|
MARC
| LEADER | 00000nam a22000007a 4500 | ||
|---|---|---|---|
| 003 | CL-VaPUC | ||
| 005 | 20220822114640.0 | ||
| 008 | 220718t2009 ||||| |||| 00| 0 eng d | ||
| 999 | |c 437191 |d 437189 | ||
| 020 | |a 978-88-13-29197-6 | ||
| 040 | |c Pontificia Universidad Católica de Valparaíso | ||
| 082 | 7 | |a 340.1 TOD 2009 |2 22 | |
| 100 | |a Todescan, Franco |9 297696 |e autore | ||
| 245 | |a Compendio di storia della filosofía del diritto. | ||
| 260 | |a Padova, Italia: |b Casa Editrice Dott. Antonio Milani, |c 2009. | ||
| 300 | |a 475 páginas. | ||
| 490 | |a Biblioteca di Lex Naturalis, |n 7. | ||
| 500 | |a c.1 Donación Familia Prof. Alejandro Guzmán Brito. | ||
| 583 | |c 20220718 |k Cristina María Rojas Aguilar | ||
| 650 | |a Filosofía del derecho |x Historia |9 873223 | ||
| 942 | |2 ddc |c BK |n 0 | ||
| 952 | |0 0 |1 0 |2 ddc |4 0 |6 340_100000000000000_TOD_2009 |7 1 |8 C_AGB |9 584945 |a BIBDER |b BIBDER |d 2022-07-18 |e Donación |i 5653044 |o 340.1 TOD 2009 |p 5653044 |r 2023-01-25 |t 1 |w 2022-07-18 |y BK_US |k AGB | ||